| 000 | 01017nmm a2200301 a 4500 | ||
|---|---|---|---|
| 001 | ocm0002146787 | ||
| 003 | TR-IsHL | ||
| 005 | 20201028183831.0 | ||
| 008 | 190423s2017 tu tur | ||
| 007 | cr cn | ||
| 020 | _a9786053223788 | ||
| 035 |
_a2146787 _b(N$T) |
||
| 050 | 0 | 4 |
_aHD69.P75 _bC57 2017 |
| 090 | 0 | 4 |
_aHD69.P75 _bC57 2017 |
| 100 | 1 | _aÇipil, Mahir | |
| 245 | 1 | 0 |
_aKervan yolda düzülür: Türk işi proje yönetimi:''herkes için proje el kitabı'' _h[electronic resource] / _cMahir Çipil ; yayına hazırlayan Utku Umut Bulsun |
| 250 | _aBirinci baskı | ||
| 260 |
_aİstanbul : _bOptimist Yayınları, _c2017 |
||
| 300 | _a192 p. | ||
| 500 | _aKaynakça var | ||
| 650 | 4 | _aSosyoloji | |
| 650 | 4 | _aSociology | |
| 650 | 0 | _aProje yönetimi | |
| 650 | 0 | _aProject management | |
| 650 | 7 |
_aBUSINESS & ECONOMICS / Project Management _2bisacsh |
|
| 700 | 1 | _aBulsun, Utku Umut | |
| 856 | 4 | 0 | _uhttp://search.ebscohost.com/login.aspx?direct=true&scope=site&db=e011xww&AN=2146787 |
| 999 |
_c20720 _d20720 |
||